Węgierska imigracja według państw - Statystyki

Ogólne statystyki
  • Ten quiz został rozwiązany 125 razy
  • Średni wynik to 13 z 20
Statystyki odpowiedzi
Ludzie Państwo % Poprawnych
208 221 Rumunia
92%
46 325 Niemcy
91%
4 733 Rosja
90%
82 192 Ukraina
90%
14 963 Austria
86%
9 796 Stany Zjednoczone
86%
42 310 Serbia
84%
5 250 Francja
83%
6 335 Włochy
82%
20 547 Wielka Brytania
80%
16 609 Chiny
76%
4 588 Turcja
71%
5 338 Indie
66%
5 484 Holandia
49%
4 626 Szwajcaria
44%
7 909 Wietnam
42%
3 895 Iran
32%
4 581 Korea Południowa
26%
32 488 Czechosłowacja
6%
29 212 Związek Radziecki
3%
Nie znaleziono quizów pasujących do podanych kryteriów
Rozkład punktacji
Procent ludzi z każdym wynikiem
Percentyl według liczby udzielonych odpowiedzi
Twoja historia wyników
Nie rozwiązałeś tego quizu